Los orígenes intelectuales de la Revolución francesa. 1715-1787.

Guardat en:
Dades bibliogràfiques
Autor principal: Mornet, Daniel (autor)
Format: Llibre
Idioma:anglès
Publicat: Buenos Aires, Argentina: Paidos, 1969.
Col·lecció:Psicología social y sociología,
Matèries:
Etiquetes: Afegir etiqueta
Sense etiquetes, Sigues el primer a etiquetar aquest registre!

MARC

LEADER 00000nam a22000007a 4500
003 CL-VaPUC
005 20220822114757.0
008 220802t1969 ||||| |||| 00| 0 eng d
999 |c 437831  |d 437829 
040 |c Pontificia Universidad Católica de Valparaíso 
082 |2 22  |a 944.04 MOR 1969 
100 |9 874525  |a Mornet, Daniel  |e autor 
245 |a  Los orígenes intelectuales de la Revolución francesa.  |b 1715-1787. 
260 |a Buenos Aires, Argentina:   |b Paidos,   |c 1969.  
300 |a 467 páginas.  
490 |a Psicología social y sociología,   |n  51.  
500 |a c.1 Donación Familia Prof. Alejandro Guzmán Brito. 
583 |c 20220802  |k Yessy Sthefany Diaz Vidal 
650 0 |9 324244  |a Revolución francesa  |x Historia  
651 0 |9 255157  |a Francia  |x Historia   |y Siglo XVIII  
651 0 |9 255157  |a Francia  |x Historia intelectual   |y Siglo XVIII  
942 |2 ddc  |c BK  |n 0 
952 |0 0  |1 0  |2 ddc  |4 0  |6 944_040000000000000_MOR_1969  |7 0  |8 C_AGB  |9 585662  |a BIBDER  |b BIBDER  |d 2022-08-02  |e Donación   |i 5653587  |o 944.04 MOR 1969  |p 5653587  |r 2023-01-25  |t 1  |w 2022-08-02  |y BK_US  |k AGB